000
00288nam a2200121 a 4500
005
20140414132101.0
008
100719s19uu xx 00 eng d
050
_a
ER
_b
M45 2001
100
_a
May, Darcy
245
_a
Jingle bells.
260
_a
New York :
_b
Scholastic.
999
_c
114460
_d
114460